Countries by Population (2026) - Statistics

General Stats
  • This quiz has been taken 33 times
    20 since last reset
  • The average score is 21 of 25
Answer Stats
Population (2026) Country % Correct
1,428,628,000 China
100%
1,476,630,000 India
100%
293,837,000 Indonesia
94%
144,820,000 Russia
94%
351,708,000 United States
94%
177,818,000 Bangladesh
88%
223,800,000 Brazil
88%
122,950,000 Japan
88%
242,432,000 Nigeria
88%
70,296,000 United Kingdom
88%
122,108,000 D. R. Congo
81%
120,101,000 Egypt
81%
68,560,000 France
81%
93,169,000 Iran
81%
143,394,000 Mexico
81%
259,300,000 Pakistan
81%
117,724,000 Philippines
81%
71,559,000 Thailand
81%
103,665,000 Vietnam
81%
138,902,000 Ethiopia
75%
83,644,000 Germany
75%
72,564,000 Tanzania
75%
89,867,000 Turkey
75%
65,453,000 South Africa
69%
60,655,000 Kenya
63%
No matching quizzes found
Score Distribution
Percent of People with Each Score
Percentile by Number Answered
Your Score History
You have not taken this quiz since the last reset